000 00428nam a2200181Ia 4500
999 _c3024
_d3024
003 OSt
005 20210819100415.0
008 160316s1980 xxu||||| |||| 00| 0 eng
040 _cn
082 _a473.000000
_bLEW
100 _aLewis Charleton T
245 _aA Latin dictionary
260 _aOxford
_bOxford University Press
_c1980
300 _a2019
650 _a1. Dictionary - Latin
700 _a
_a
942 _2ddc
_cBK